00883cam a2200205 a 4500020004000000020003900040040000800079082002600087100002200113245011900135260005600254300003500310650001400345650001500359856006600374856006600440942000700506999001700513952014700530 a0803958277 (cloth : acidfree paper) a0803958285 (pbk. : acidfree paper) cDLC00a370 SAG 1998 A013 Or.1 aMertens, Donna M.10aResearch methods in education and psychology :bintegrating diversity with quantitative & qualitative approaches / aThousand Oaks, Calif. :bSage Publications,cc1998. axvii, 422 p. :bill. ;c26 cm. 0aEducation 0aPsychology42uhttp://www.loc.gov/catdir/enhancements/fy0655/97004890-d.html42uhttp://www.loc.gov/catdir/enhancements/fy0734/97004890-b.html cEK c13232d13232 0010406370_000000000000000_SAG_1998_A013_OR70963807aLBAbLBAcA013d2017-08-22o370 SAG 1998 A013 Or.pA19745r2017-08-22w2017-08-22yEK